000 02057 a2200301 4500
003 OSt
005 20180116192338.0
008 120525t xxu||||| |||| 00| 0 eng d
020 _a1864701099 (hardcover)
020 _a9781864701098 (hardcover)
040 _c0
082 0 4 _a727.1
100 1 _aNoal, Sarah.
_92110
245 1 0 _aEducational spaces - volume iii :
_ba pictorial review /
_cSarah Noal.
260 _aVictoria:
_bImages Publishing Dist A/C,
_c2003.
300 _a224 p. :
_bill.;
_c31 cm.
490 1 _aInternational space series.
500 _aIncludes bibliographical refrences and index
520 _aEducational Spaces of the World, is a highly illustrated publication, providing an overview of what is, possibly, the most important, socially responsive design that an architect may pursue. Education can shape lives so the ambience of the learning environment is fundamental. Educational spaces are the focus of all the buildings featured in this volume, ranging from day care facilities to secondary, tertiary institutions, and much more. The projects profiled in this book are by architects who are practiced in educational design and their work is testament to their specialist expertise. Each project showcased has been designed to provide all the services required of the specific educational facility, while also responding to current trends and new developments in this field. In addition, biographies of many of the participating architectural and design firms are provided for readers' information and interest. This, the latest Educational Spaces volume, continues to be an important documen.
650 _aCollege buildings
_92111
650 _aPublic buildings
_92112
650 _aSchool buildings
_92113
650 _aSchool buildings
_xDesign and construction
_92114
830 0 _aInternational space series.
_92115
856 4 0 _3Amazon.com
_uhttp://www.amazon.com/exec/obidos/ASIN/1864701099/chopaconline-20
942 _aSADA
_cBK
_k727.1 NOA 2003
_2ddc
999 _c352561
_d352561